| 000 | 00703nam a2200205Ia 4500 | ||
|---|---|---|---|
| 001 | 21753 | ||
| 005 | 20260407122858.0 | ||
| 008 | 260320s9999||||xx |||||||||||||| ||und|| | ||
| 041 | _aESP | ||
| 082 |
_aHR 330 SET 2025 _bCA.2 |
||
| 110 | _aCámara de Comercio e Industria de Arequipa | ||
| 245 | 0 |
_aCámara AQP : _brevista institucional de la Cámara de Comercio e Industria de Arequipa |
|
| 260 |
_aArequipa : _bCámara de Comercio e Industria de Arequipa, _c2025 |
||
| 300 |
_a102 páginas : _c30 cm. |
||
| 650 | _aCIS | ||
| 653 | _aEconomía - Revista | ||
| 654 | _aCAN | ||
| 856 |
_uhttps://actualidadempresarial.pe/ _zVéase además: Revista Actualidad Empresarial |
||
| 942 |
_cREV _dJUS _fMAT _2ddc |
||
| 999 |
_c21753 _d21753 |
||